=LDR 00000nam 2200000 4500 =001 INLIS000000000026577 =005 20130612125018 =008 ***********************************Ind** =035 ##$$0010-061300000026577 =041 ##$$a Ind =082 ##$$a 658.787 =090 ##$$a 658.787, Ran m =100 ##$$a Rangkuti, Freddy =245 ##$$a Manajemen persediaan; aplikasi di bidang bisnis, Freddy rangkuti =260 ##$$a 2007 $b Jakarta =300 ##$$a xiv, 262 hlm, ilus, 21 cm =650 ##$$a Manajemen persediaan =850 ##$$a NBPNMAT